00831nam a22001937a 450000500170000000700150001700800410003203500100007304000090008324500540009225600240014626000430017030000280021331000110024150602700025265000340052274000400055685600410059620240305165539.0cr|||| |||| 191018c20149999pk dr|w s|||| 0|||b1eng d a22246 avLex00aPakistan News Releasesh[Recurso electrónico] / aServicio en línea aIslamabad:bKnowledge Bylanes,c2014 - a1 recurso electrónico aDiaria1 aDisponible solo en los productos indicadosdvLex GlobaldvLex Global (Academic Edition, excluding Law Schools)dvLex Global (U.S. Academic Edition, Law Schools)dvLex Global (U.S. Academic Edition, excluding Law Schools)dvLex Global (Academic Edition, Law Schools)04aInterés generalzPakistán0 avLex Revistas (Servicio en línea)40uhttps://app.vlex.com/#/sources/22246